banner-ar

انقاذ الكوكب : كيف نبنى نظاما اقتصاديا عالميا متواصلا بيئيا / (Record no. 47709)

MARC details
000 -الفاتح
حقل البيانات ثابتة الطول 00983nam a2200265Ia 4500
008 - عناصر البيانات ثابتة الطول - معلومات عامة
حقل البيانات ثابتة الطول 140319s9999 xx 000 0 ara d
040 ## - مصدر الفهرسة
وكالة الفهرسة الأصلية GCL /
وكالة النسخ GCL
082 04 - رقم تصنيف ديوى العشرى
رقم التصنيف 301.31
رقم المادة ب ا
100 1# - المدخل الرئيسى - إسم شخصى
الإسم الشخصى سيد رمضان هدارة (مترجم)
245 10 - بيان العنوان
العنوان انقاذ الكوكب : كيف نبنى نظاما اقتصاديا عالميا متواصلا بيئيا /
بيان المسئوليه,etc سيد رمضان هدارة (مترجم)
700 1# - المدخل الاضافى - اسم شخصى
الإسم الشخصى براون، ليستر. ر.
700 1# - المدخل الاضافى - اسم شخصى
الإسم الشخصى فلافين، كريستوفر
700 1# - المدخل الاضافى - اسم شخصى
الإسم الشخصى بوستيل، ساندرا
300 ## - الوصف المادى
التعداد 200 ص
490 ## - بيان السلسلة
عنوان السلسلة سلسلة ورلد وتش للانذار البيئى
رقم المجلد/ التعيين التسلسلي 0
650 04 - المدخل الاضافى بالموضوع-مصطلح موضوعى
مصطلح موضوعي تلوث البيئة
650 04 - المدخل الاضافى بالموضوع-مصطلح موضوعى
مصطلح موضوعي حماية البيئة
650 04 - المدخل الاضافى بالموضوع-مصطلح موضوعى
مصطلح موضوعي البيئة والانسان
650 04 - المدخل الاضافى بالموضوع-مصطلح موضوعى
مصطلح موضوعي الاقتصاد - نظريات
650 04 - المدخل الاضافى بالموضوع-مصطلح موضوعى
مصطلح موضوعي الارض - غلاف
650 04 - المدخل الاضافى بالموضوع-مصطلح موضوعى
مصطلح موضوعي الانسان - تاثير الطبيعة على
650 04 - المدخل الاضافى بالموضوع-مصطلح موضوعى
مصطلح موضوعي البيئة - علم
942 ## - عناصر المدخل الإضافي( كوها)
مصدر التصنيف او مخطط الترفيف Dewey Decimal Classification
Koha [default] item type كتاب
Holdings
حالة التراجع حالة الفقد حالة تلف ليس للاعارة المكان المؤقت الموقع الحالى تاريخ الاكتساب اجمالي اﻻعارات رقم الطلب الباركود تاريخ اخر مشاهدة تاريخ تفعيل السعر نوع وعاء كوها
        مكتبة القاهرة الكبرى مكتبة القاهرة الكبرى 03/26/2014   301.31\ب ا 115050 03/26/2014 03/26/2014 كتاب

Powered By

EGPV